LEADER 01383nam a2200325 i 4500 001 000000147442 003 CaOOAMICUS 005 20190128161346.0 008 060202s1989 it u000 u ita u 013 $a124622 020 $a88-459-0719-8 040 $aSeMil$bita 100 1 $aFeynman, Richard Phillips,$d<1918-1988>.$0(OLS)http://semarc/name/58477 240 10$aQED : the strange theory of light and matter.$0(OLS)http://semarc/title/215568 245 10$aQED :$bla strana teoria della luce e della materia /$cRichard P. Feynman. 260 $aMilano :$bAdelphi,$ccopyr. 1989. 300 $a195 p. :$bill. ;$c22 cm. 490 0 $aBiblioteca Scientifica [Adelphi] ;$v12 500 $aFondo Ciprandi. 650 4$aElettrodinamica quantistica.$0(OLS)http://semarc/subject/28800 650 4$aLuce - Teoria.$0(OLS)http://semarc/subject/28801 830 0$aBiblioteca scientifica ;$v12.$0(OLS)http://semarc/title/419404 850 $aSeMil 852 $aSeMil$W1$xVenegono$y1$m3X IV 105$j99995$B99995$CSeMilBibl$Z2$F108902 $81 941 1 $a1 961 $aOmaggio: Ciprandi dott. Paolo 996 $6020$a88-459-0719-8$9(OLS)http://semarc/number/136126 996 $6245$aQED :$bla strana teoria della luce e della materia$9(OLS)http://semarc/title/215567 996 $6260$aMilano :$bAdelphi$9(OLS)http://semarc/publisher/30018 LEADER 01195nam a2200265 i 4500 001 000000222400 003 CaOOAMICUS 005 20170808000000.0 008 170808s2003 it u000 u mul u 013 $a201297 020 $a965-222-862-1 040 $aSeMil$bita 245 14$aThe compact up-to-date English-Hebrew dictionary :$bwith rules of pronunciation of the English language /$ccompiled by Shimon Zilberman. 260 $aJerusalem :$bZilberman,$c2003. 300 $a320, 287 p. ;$c17 cm. 500 $aAltro front. in ebraico. - Fondo card. C.M. Martini. 650 4$aLingua ebraica - Dizionari inglesi.$0(OLS)http://semarc/subject/44857 700 1 $aZilberman, Shimon.$0(OLS)http://semarc/name/77699 850 $aSeMil 852 $aSeMil$W1$xVenegono$y1$mSL1.R III 122$j172746$B172746$CSeMilBibl$Z2$F205236 $8I 941 1 $a4 961 $aLascito: Martini Card. Carlo Maria 996 $6020$a965-222-862-1$9(OLS)http://semarc/number/221965 996 $6245$aThe compact up-to-date English-Hebrew dictionary :$bwith rules of pronunciation of the English language$9(OLS)http://semarc/title/318765 996 $6260$aJerusalem :$bZilberman$9(OLS)http://semarc/publisher/53263